| 000 | 00373 a2200169 4500 | ||
|---|---|---|---|
| 001 | 69719 | ||
| 020 | _a8516050491 | ||
| 040 | _cAnchieta - Itaigara | ||
| 100 | _aMcDonald, Megan | ||
| 240 | 1 | 0 |
_aDoutora Judy Moody _lpor |
| 245 | 1 | 0 | _aDoutora Judy Moody |
| 300 | _a182 | ||
| 362 | 0 | _a2006 | |
| 440 | 1 | _aSalamandra | |
| 650 | 4 | _aLiteratura infanto-juvenil | |
| 942 | _cBK | ||
| 999 |
_c69719 _d69719 |
||